000 02061cam a2200337 4500500
005 20260329011444.0
041 _afre
042 _adc
100 1 0 _aDussart, François
_eauthor
245 0 0 _aMémoire, histoire, événement dans Les Années
260 _c2026.
500 _a21
520 _aRésuméChez Ernaux comme chez Proust, l’événement n’advient qu’après coup et latéralement. L’écriture des Années, cependant, fait passer l’interprétation des événements non seulement par la conjonction de l’anachronique et de l’hétérogène, mais par celle de l’intime et de l’histoire. La séquence Mai 68 des Années se révèle exemplaire de cette méthode : différée et déplacée, la mort du père, survenue en 1967, traverse la mémoire de la femme des ekphraseis photographiques et filmiques – et s’inscrit en creux dans l’évocation de l’événement historique.
520 _aWith Ernaux as with Proust, the event only happens afterwards and laterally. The writing of Les Années, however, takes the interpretation of events not only through the conjunction of the anachronistic and the heterogeneous, but through that of the intimate and history. The May 68 sequence of Les Années proves to be exemplary of this method: deferred and displaced, the death of the father, which occurred in 1967, crosses the memory of the woman who appears in the photographic and filmic ekphraseis – and is implicitly inscribed in the evocation of the historic event.
690 _aAnnie Ernaux
690 _aAprès-coup
690 _aÉvénement
690 _aHistoire
690 _aLes Années
690 _aMarcel Proust
690 _aMémoire
690 _aAfterwardsness
690 _aAnnie Ernaux
690 _aEvent
690 _aHistory
690 _aLes Années
690 _aMarcel Proust
690 _aMemory
786 0 _nRoman 20-50 | 79 | 1 | 2026-03-12 | p. 79-91 | 0295-5024
856 4 1 _uhttps://shs.cairn.info/revue-roman2050-2025-1-page-79?lang=fr&redirect-ssocas=7080
999 _c1861873
_d1861873